000 00282nam a2200109Ia 4500
008 220204s9999 xx 000 0 und d
082 _a61(031)
_bELI
100 _aElias, Elizabeth E
245 0 _aComplete home medical encyclopedia
260 _aNew York
_bHarbour
_c1977
942 _cBK
999 _c35541
_d35541